[Event "4NCL Division 2d"]
[Site "Hinckley Island ENG"]
[Date "2014.05.04"]
[Round "10.88"]
[White "Giles, Yasmin"]
[Black "Archer, Richard"]
[Result "1/2-1/2"]
[WhiteElo "1865"]
[BlackElo "2024"]
[PlyCount "41"]
[EventDate "2014.05.04"]
[WhiteTeam "KJCA Kings"]
[BlackTeam "White Rose 2"]

1. e4 c5 2. Nc3 g6 3. d4 Bg7 4. dxc5 Qa5 5. Bd2 Qxc5 6. Nd5 Na6 7. Be3 Qa5+ 8.
c3 e6 9. Bd4 f6 10. Bxa6 bxa6 11. b4 Qd8 12. Ne3 Bb7 13. Nc4 d5 14. Qa4+ Kf7
15. O-O-O Qc7 16. Na5 Ne7 17. Ne2 Rhd8 18. Qc2 Rac8 19. Kb1 Nc6 20. Nxb7 Qxb7
21. Bc5 1/2-1/2

[Event "4NCL Division 2d"]
[Site "Hinckley Island ENG"]
[Date "2014.05.05"]
[Round "11.51"]
[White "Lock, Gavin R"]
[Black "Berry, Neil"]
[Result "1/2-1/2"]
[WhiteElo "2182"]
[BlackElo "2201"]
[PlyCount "45"]
[EventDate "2014.05.05"]
[WhiteTeam "Wessex"]
[BlackTeam "Barbican 4NCL Youth"]

1. d4 d5 2. Nf3 Nf6 3. c4 e6 4. Nc3 Be7 5. Bg5 h6 6. Bh4 O-O 7. e3 Ne4 8. Bxe7
Qxe7 9. Rc1 c6 10. Bd3 Nxc3 11. Rxc3 Nd7 12. cxd5 exd5 13. O-O Re8 14. h3 Nf8
15. Ne5 Nd7 16. Nf3 Nf8 17. Bb1 Qf6 18. Ne5 Bf5 19. Qf3 Bxb1 20. Rxb1 Qe6 21.
b4 a6 22. a4 Nd7 23. Nxd7 1/2-1/2

[Event "4NCL Division 2d"]
[Site "Hinckley Island ENG"]
[Date "2014.05.05"]
[Round "11.52"]
[White "Coleman, David J"]
[Black "Pleasants, Allan J"]
[Result "1-0"]
[WhiteElo "2246"]
[BlackElo "2045"]
[PlyCount "61"]
[EventDate "2014.05.05"]
[WhiteTeam "Barbican 4NCL Youth"]
[BlackTeam "Wessex"]

1. e4 g6 2. d4 Bg7 3. Nc3 c6 4. f4 d5 5. e5 Nh6 6. Be2 f6 7. Nf3 Bg4 8. Be3 Nd7
9. h3 Bxf3 10. Bxf3 Nf8 11. g4 Qd7 12. Qd2 Nf7 13. O-O-O fxe5 14. fxe5 Ne6 15.
g5 O-O-O 16. Qg2 Rdf8 17. h4 h5 18. Be2 Rhg8 19. Kb1 Nh8 20. Qg3 Rf7 21. Rhf1
Rgf8 22. Rxf7 Rxf7 23. Bf1 Rf8 24. Bh3 Nf7 25. Ne2 Nfd8 26. Nf4 Rxf4 27. Bxf4
b5 28. Bd2 Qc7 29. Qe1 Kb8 30. Ba5 Qb7 31. Qf2 1-0

[Event "4NCL Division 2d"]
[Site "Hinckley Island ENG"]
[Date "2014.05.05"]
[Round "11.53"]
[White "Simons, Martin J"]
[Black "Stewart, Ashley"]
[Result "1/2-1/2"]
[WhiteElo "2096"]
[BlackElo "2069"]
[PlyCount "37"]
[EventDate "2014.05.05"]
[WhiteTeam "Wessex"]
[BlackTeam "Barbican 4NCL Youth"]

1. d4 Nf6 2. Nc3 d5 3. e4 e6 4. Bg5 dxe4 5. Nxe4 Be7 6. Bxf6 gxf6 7. Nf3 f5 8.
Ned2 c5 9. Nb3 cxd4 10. Qxd4 Qxd4 11. Nfxd4 Bd7 12. Nb5 Kd8 13. O-O-O a6 14.
Nd6 Bxd6 15. Rxd6 Kc7 16. Rd2 Rg8 17. f3 Bc6 18. Na5 Nd7 19. Nxc6 1/2-1/2

[Event "4NCL Division 2d"]
[Site "Hinckley Island ENG"]
[Date "2014.05.05"]
[Round "11.54"]
[White "Moss, Guy"]
[Black "Gregory, Keith DF"]
[Result "1-0"]
[WhiteElo "2030"]
[BlackElo "2038"]
[PlyCount "74"]
[EventDate "2014.05.05"]
[WhiteTeam "Barbican 4NCL Youth"]
[BlackTeam "Wessex"]

1. e4 d6 2. d4 Nf6 3. Nc3 Nbd7 4. g3 e5 5. Nge2 c6 6. Bg2 Be7 7. O-O Qc7 8. h3
O-O 9. g4 h6 10. f4 Nh7 11. Kh1 Bf6 12. Be3 b6 13. Ng3 Ba6 14. Rg1 exf4 15.
Bxf4 Bg5 16. Qf3 Rae8 17. Nf5 Re6 18. h4 Bxf4 19. Qxf4 Rfe8 20. Rae1 Ndf8 21.
g5 hxg5 22. hxg5 Rg6 23. Bf3 Ne6 24. Qxd6 Qxd6 25. Nxd6 Rd8 26. Bh5 Rxd6 27.
Bxg6 fxg6 28. d5 cxd5 29. exd5 Bb7 30. Re5 Nd4 31. Rd1 Nf5 32. Ne4 Rd7 33. Rd3
Ba6 34. Rd2 Ne3 35. b3 Nf5 36. c4 Bb7 37. Kh2 Kf7 {
Black overstepped the time limit} 1-0

[Event "4NCL Division 2d"]
[Site "Hinckley Island ENG"]
[Date "2014.05.05"]
[Round "11.55"]
[White "de Coverly, Roger D"]
[Black "Brett, Andrew R"]
[Result "1/2-1/2"]
[WhiteElo "2005"]
[BlackElo "2136"]
[PlyCount "126"]
[EventDate "2014.05.05"]
[WhiteTeam "Wessex"]
[BlackTeam "Barbican 4NCL Youth"]

1. e4 e5 2. Nf3 Nc6 3. Bb5 a6 4. Ba4 Nf6 5. O-O Be7 6. Re1 b5 7. Bb3 O-O 8. d4
d6 9. c3 Bg4 10. d5 Na5 11. Bc2 c6 12. h3 Bc8 13. dxc6 Qc7 14. Nbd2 Qxc6 15.
Nf1 Nc4 16. Ng3 Re8 17. a4 Be6 18. Ng5 Bd7 19. b3 Na5 20. Bb2 h6 21. Nf3 Qc7
22. axb5 axb5 23. Qe2 Be6 24. Nd2 b4 25. c4 Nb7 26. Ndf1 Nc5 27. Ne3 Bf8 28.
Qf3 Qb7 29. Nef5 Nh7 30. Red1 Rxa1 31. Rxa1 Ra8 32. Qd1 Rxa1 33. Qxa1 Nf6 34.
Qe1 g6 35. Nh4 Be7 36. Nf3 Bd7 37. Qe3 Bf8 38. Nd2 Ne6 39. Ne2 Nh5 40. Nf1 Nhf4
41. Nxf4 Nxf4 42. Ng3 Ne6 43. Ne2 Qa6 44. Qc1 Qb7 45. Qe1 Nc5 46. Nc1 Be7 47.
Nd3 Nxd3 48. Bxd3 Bg5 49. Kh2 h5 50. g3 Qb6 51. Qf1 h4 52. g4 Bf4+ 53. Kg2 Bc6
54. Qe1 g5 55. Qd1 Qb7 56. Kf3 f6 57. Bb1 Qb6 58. Bc1 Bxc1 59. Qxc1 Qd4 60. Qc2
Qa7 61. Qd3 Qc5 62. Ke2 Kf7 63. Bc2 Ke7 1/2-1/2

[Event "4NCL Division 2d"]
[Site "Hinckley Island ENG"]
[Date "2014.05.05"]
[Round "11.56"]
[White "Manley, Jon P"]
[Black "Gill, Oliver"]
[Result "1/2-1/2"]
[WhiteElo "2157"]
[BlackElo "2022"]
[PlyCount "126"]
[EventDate "2014.05.05"]
[WhiteTeam "Barbican 4NCL Youth"]
[BlackTeam "Wessex"]

1. e4 e5 2. Nf3 Nf6 3. Nc3 Bb4 4. Nxe5 O-O 5. Nd3 Bxc3 6. dxc3 Nxe4 7. Nf4 d6
8. Be2 Nd7 9. O-O Ndf6 10. c4 Re8 11. Be3 Bd7 12. Bd4 a5 13. a4 Nc5 14. Bf3 Rb8
15. b3 Ne6 16. Be3 Nxf4 17. Bxf4 h6 18. Qd3 Bg4 19. Bxg4 Nxg4 20. Qg3 h5 21. c5
Ne5 22. cxd6 cxd6 23. Rad1 Qf6 24. Bd2 b6 25. Bc3 Rec8 26. Bd4 Qg6 27. Bxe5
dxe5 28. Qxg6 fxg6 29. c4 Rd8 30. f3 Kf7 31. Kf2 Ke6 32. Ke3 Kf5 33. g3 g5 34.
h3 g6 35. Rd5 Rxd5 36. cxd5 Rd8 37. g4+ Kf6 38. Ke4 Rc8 39. Rd1 Ke7 40. Kxe5
Rc3 41. d6+ Kd7 42. Kf6 Rxf3+ 43. Kxg6 hxg4 44. hxg4 Rxb3 45. Kxg5 Rb4 46. Kf5
Rxa4 47. g5 Ra2 48. g6 Rg2 49. Rd4 a4 50. Rxa4 Kxd6 51. Ra7 b5 52. g7 Kd5 53.
Kf6 Rf2+ 54. Ke7 Rg2 55. Kf8 b4 56. Ra2 Rxg7 57. Kxg7 Kc4 58. Kf6 b3 59. Ra8 b2
60. Rb8 Kc3 61. Ke5 Kc2 62. Kd4 b1=Q 63. Rxb1 Kxb1 1/2-1/2

[Event "4NCL Division 2d"]
[Site "Hinckley Island ENG"]
[Date "2014.05.05"]
[Round "11.57"]
[White "Clark, Ian C"]
[Black "Verma, Aditya"]
[Result "1-0"]
[WhiteElo "2063"]
[BlackElo "1639"]
[PlyCount "79"]
[EventDate "2014.05.05"]
[WhiteTeam "Wessex"]
[BlackTeam "Barbican 4NCL Youth"]

1. e4 c5 2. Nf3 d6 3. d4 cxd4 4. Nxd4 Nf6 5. Nc3 g6 6. Be2 Bg7 7. Be3 Nc6 8.
O-O O-O 9. h3 a6 10. Qd2 Bd7 11. Rad1 Rc8 12. Rfe1 b5 13. a3 Ne5 14. Bh6 Rxc3
15. Bxg7 Nxe4 16. Qh6 Rc8 17. Bxf8 Qxf8 18. Qxf8+ Kxf8 19. f4 Nc6 20. Bf3 Nf6
21. c3 Nxd4 22. Rxd4 Bc6 23. Bxc6 Rxc6 24. a4 Nd7 25. axb5 axb5 26. Ra1 Nc5 27.
Ra8+ Kg7 28. Rb8 Ne6 29. Rb4 Rc4 30. R8xb5 Rxf4 31. Rxf4 Nxf4 32. Kf2 f5 33.
Rb7 Kf6 34. b4 h5 35. b5 g5 36. b6 Nd5 37. c4 Nc3 38. Rc7 Ne4+ 39. Ke1 Nc5 40.
Rxc5 1-0

[Event "4NCL Division 2d"]
[Site "Hinckley Island ENG"]
[Date "2014.05.05"]
[Round "11.61"]
[White "Strugnell, Carl P"]
[Black "Padilla Cabero, Pablo"]
[Result "1-0"]
[WhiteElo "2270"]
[BlackElo "2166"]
[PlyCount "90"]
[EventDate "2014.05.05"]
[WhiteTeam "Rhyfelwyr Essyllwg"]
[BlackTeam "Brown Jack"]

1. e4 d6 2. d4 f5 3. Nc3 Nf6 4. exf5 Bxf5 5. Nf3 Qd7 6. Bd3 Nc6 7. a3 Bg4 8.
Be3 e6 9. h3 Bh5 10. g4 Bf7 11. Ng5 Bg8 12. f4 Ne7 13. Qf3 O-O-O 14. O-O-O Kb8
15. Rhe1 g6 16. Bf2 h6 17. Nge4 Bg7 18. Bh4 Rf8 19. Nxf6 Bxf6 20. Bxf6 Rxf6 21.
Qe4 Rh7 22. Rf1 Rf8 23. Qe1 a6 24. Qg3 Rh8 25. Rde1 Bf7 26. Ne4 Ng8 27. g5 h5
28. c3 Rd8 29. Kb1 Qc6 30. c4 d5 31. Nc5 Ne7 32. Rc1 Nf5 33. cxd5 Qxd5 34. Qe1
Qxd4 35. Rc4 Qd6 36. Qb4 Qb6 37. Qc3 Ne3 38. Rb4 Nxf1 39. Nd7+ Ka7 40. Nxb6
cxb6 41. Bxf1 e5 42. Qc7 b5 43. Bg2 Bd5 44. Qc5+ b6 45. Qc7+ Ka8 1-0

[Event "4NCL Division 2d"]
[Site "Hinckley Island ENG"]
[Date "2014.05.05"]
[Round "11.62"]
[White "Headlong, Timothy"]
[Black "Kett, Timothy J"]
[Result "1/2-1/2"]
[WhiteElo "2158"]
[BlackElo "2240"]
[PlyCount "74"]
[EventDate "2014.05.05"]
[WhiteTeam "Brown Jack"]
[BlackTeam "Rhyfelwyr Essyllwg"]

1. Nf3 Nf6 2. c4 d6 3. d4 g6 4. Nc3 Bg7 5. e4 O-O 6. Be2 Nbd7 7. O-O e5 8. d5
Nc5 9. Qc2 a5 10. Bg5 h6 11. Be3 b6 12. Nd2 Nh7 13. a3 f5 14. f3 f4 15. Bf2 a4
16. Bxc5 bxc5 17. Nxa4 Bf6 18. Nc3 Bh4 19. Rfc1 g5 20. b4 h5 21. Nb3 g4 22.
bxc5 Bg3 23. hxg3 fxg3 24. Kf1 Ng5 25. Qd3 gxf3 26. gxf3 Nxf3 27. Bxf3 Bg4 28.
Nd2 Qh4 29. Ke1 g2+ 30. Ke2 Rxf3 31. Nxf3 Rf8 32. Rf1 Qg3 33. Qe3 h4 34. Qg5+
Kh7 35. Qe7+ Kg8 36. Qg5+ Kh7 37. Qe7+ Kg8 1/2-1/2

[Event "4NCL Division 2d"]
[Site "Hinckley Island ENG"]
[Date "2014.05.05"]
[Round "11.63"]
[White "Trevelyan, John"]
[Black "Girdlestone, Paul C"]
[Result "1/2-1/2"]
[WhiteElo "2115"]
[BlackElo "2131"]
[PlyCount "47"]
[EventDate "2014.05.05"]
[WhiteTeam "Rhyfelwyr Essyllwg"]
[BlackTeam "Brown Jack"]

1. d4 Nf6 2. c4 e6 3. Nf3 b6 4. g3 Ba6 5. b3 c6 6. Bg2 d5 7. cxd5 cxd5 8. O-O
Nc6 9. Re1 Rc8 10. a3 Ne4 11. Bb2 Be7 12. Nc3 Nxc3 13. Bxc3 O-O 14. Qd2 Re8 15.
Qb2 Na5 16. Bd2 Qc7 17. Rec1 Qd7 18. Ne5 Qb5 19. b4 Nc4 20. Nxc4 Rxc4 21. Rxc4
Qxc4 22. e3 Qc6 23. a4 Bc4 24. b5 1/2-1/2

[Event "4NCL Division 2d"]
[Site "Hinckley Island ENG"]
[Date "2014.05.05"]
[Round "11.64"]
[White "Martin, Lewis"]
[Black "Bullen, Alex"]
[Result "1-0"]
[WhiteElo "2045"]
[BlackElo "2047"]
[PlyCount "37"]
[EventDate "2014.05.05"]
[WhiteTeam "Brown Jack"]
[BlackTeam "Rhyfelwyr Essyllwg"]

1. d4 d5 2. Nf3 Nf6 3. Bf4 c5 4. e3 Nc6 5. Be2 Bf5 6. O-O e6 7. Nbd2 c4 8. c3
b5 9. b3 Ba3 10. bxc4 Bb2 11. cxb5 Bxa1 12. bxc6 Bxc3 13. c7 Qe7 14. Qa4+ Nd7
15. Qc6 Rc8 16. Ba6 Bxd2 17. Bxc8 e5 18. Bxd7+ Bxd7 19. c8=Q+ 1-0

[Event "4NCL Division 2d"]
[Site "Hinckley Island ENG"]
[Date "2014.05.05"]
[Round "11.65"]
[White "Brown, Tom"]
[Black "Richmond, Peter A"]
[Result "1-0"]
[WhiteElo "2086"]
[BlackElo "2185"]
[PlyCount "49"]
[EventDate "2014.05.05"]
[WhiteTeam "Rhyfelwyr Essyllwg"]
[BlackTeam "Brown Jack"]

1. d4 d5 2. Nf3 Nc6 3. Bf4 Bg4 4. e3 e6 5. c4 Nf6 6. Nc3 Bd6 7. Bg3 Bxg3 8.
hxg3 Ne7 9. Qb3 Bxf3 10. gxf3 c6 11. cxd5 exd5 12. Qxb7 Rb8 13. Qxa7 Rxb2 14.
Qa3 Qb8 15. Bd3 O-O 16. Qxe7 Re8 17. Bxh7+ Nxh7 18. Qh4 Kf8 19. Qxh7 Rxe3+ 20.
Kf1 Rxc3 21. Re1 Qb5+ 22. Kg2 Re2 23. Qh8+ Ke7 24. Qxg7 Rcc2 25. Rh7 1-0

[Event "4NCL Division 2d"]
[Site "Hinckley Island ENG"]
[Date "2014.05.05"]
[Round "11.66"]
[White "Richmond, Jane"]
[Black "Hewitt, William AR"]
[Result "1-0"]
[WhiteElo "2078"]
[BlackElo "2040"]
[PlyCount "85"]
[EventDate "2014.05.05"]
[WhiteTeam "Brown Jack"]
[BlackTeam "Rhyfelwyr Essyllwg"]

1. e4 c6 2. Ne2 d5 3. e5 Bf5 4. Ng3 Bg6 5. h4 h5 6. e6 fxe6 7. d4 e5 8. dxe5 e6
9. Bd3 Bxd3 10. Qxd3 Qc7 11. O-O Ne7 12. Bg5 Na6 13. Nc3 O-O-O 14. Rfe1 Re8 15.
a3 g6 16. b4 Nb8 17. Na4 b6 18. c4 Nd7 19. cxd5 Nxd5 20. Qxg6 Be7 21. Bxe7 Rxe7
22. Qg5 Rf7 23. Rac1 Rhf8 24. Rc2 Kb7 25. Nb2 Nb8 26. Nc4 Rg7 27. Qh6 Qe7 28.
Nd6+ Ka8 29. Nde4 Qf7 30. Ng5 Qg6 31. Qxg6 Rxg6 32. N3e4 Kb7 33. g3 Kc7 34. Nd6
Nd7 35. Nb5+ Kb7 36. Nd4 c5 37. Ndxe6 Re8 38. Nf4 Nxf4 39. gxf4 Kc6 40. Kg2 Rf8
41. Kf3 a5 42. Ke4 axb4 43. axb4 1-0

[Event "4NCL Division 2d"]
[Site "Hinckley Island ENG"]
[Date "2014.05.05"]
[Round "11.67"]
[White "Blackburn, Suzy G"]
[Black "Rabbitt, Michael"]
[Result "1-0"]
[WhiteElo "1962"]
[BlackElo "2060"]
[PlyCount "75"]
[EventDate "2014.05.05"]
[WhiteTeam "Rhyfelwyr Essyllwg"]
[BlackTeam "Brown Jack"]

1. d4 d5 2. Nf3 Nf6 3. Bf4 e6 4. e3 Nbd7 5. Bd3 c5 6. c3 Qb6 7. Qc1 Bd6 8. Bg3
O-O 9. Nbd2 Re8 10. O-O Nf8 11. e4 dxe4 12. Nc4 Qc6 13. Nxd6 exf3 14. Bb5 fxg2
15. Bxc6 gxf1=Q+ 16. Kxf1 bxc6 17. Nxe8 Ba6+ 18. Kg1 Rxe8 19. dxc5 N8d7 20. b4
Bc4 21. Qf4 Bd3 22. Rd1 e5 23. Qe3 Bc4 24. Rd6 Bb5 25. Qc1 Bc4 26. Rxc6 Ne4 27.
Bh4 Nf8 28. f3 Bd5 29. Ra6 Nf6 30. Bxf6 gxf6 31. Rxf6 Ne6 32. c4 Ba8 33. Qe3
Nd4 34. b5 Kg7 35. Qh6+ Kh8 36. Rxf7 Nxf3+ 37. Kf2 Be4 38. Qg7# 1-0

[Event "4NCL Division 2d"]
[Site "Hinckley Island ENG"]
[Date "2014.05.05"]
[Round "11.68"]
[White "Whatley, Stephen AJ (jnr)"]
[Black "Hatchett, Paul D"]
[Result "1/2-1/2"]
[WhiteElo "1865"]
[BlackElo "1974"]
[PlyCount "84"]
[EventDate "2014.05.05"]
[WhiteTeam "Brown Jack"]
[BlackTeam "Rhyfelwyr Essyllwg"]

1. e4 Nf6 2. e5 Nd5 3. d4 d6 4. c4 Nb6 5. exd6 exd6 6. Nc3 Be7 7. Bd3 Nc6 8.
Nge2 Bg4 9. Be3 Bf6 10. Qd2 Nb4 11. O-O Nxd3 12. Qxd3 O-O 13. f3 Bc8 14. Rae1
g6 15. Bh6 Re8 16. Ne4 d5 17. Nxf6+ Qxf6 18. Ng3 Bd7 19. c5 Nc4 20. b3 Na5 21.
Qd2 Nc6 22. Rd1 Ne7 23. Bg5 Qg7 24. Qf4 Rac8 25. Bxe7 Rxe7 26. Qg5 f5 27. Qd2
b6 28. b4 Rce8 29. Kf2 Qf6 30. f4 Qh4 31. Rfe1 Re4 32. Kg1 Rxe1+ 33. Rxe1 Rxe1+
34. Qxe1 Qxf4 35. Qc3 Bb5 36. h3 Bc4 37. a3 Kf7 38. Nh1 Qf1+ 39. Kh2 f4 40. Qd2
g5 41. Qc2 Bd3 42. Qa4 Be4 1/2-1/2

[Event "4NCL Division 2d"]
[Site "Hinckley Island ENG"]
[Date "2014.05.05"]
[Round "11.72"]
[White "Webb, Matthew D"]
[Black "Swanson, Stephen"]
[Result "1-0"]
[WhiteElo "2069"]
[BlackElo "2224"]
[PlyCount "57"]
[EventDate "2014.05.05"]
[WhiteTeam "White Rose 2"]
[BlackTeam "Poisoned Pawns"]

1. e4 g6 2. d4 Bg7 3. Nc3 c6 4. Nf3 d6 5. Bc4 Nf6 6. O-O b5 7. Bd3 O-O 8. Bf4
Nh5 9. Be3 Qc7 10. Ne2 Nd7 11. a4 b4 12. c3 bxc3 13. Nxc3 Rb8 14. Qd2 e5 15. d5
Nc5 16. dxc6 Nb3 17. Nd5 Nxd2 18. Bxd2 Rb3 19. Nxc7 Rxd3 20. Bb4 f5 21. Nb5
fxe4 22. Ng5 Bf5 23. Nxd6 Rd8 24. Rad1 Bf8 25. Ngxe4 Bxe4 26. c7 Ra8 27. Nxe4
Rxd1 28. Rxd1 Rc8 29. Bxf8 1-0

[Event "4NCL Division 2d"]
[Site "Hinckley Island ENG"]
[Date "2014.05.05"]
[Round "11.73"]
[White "Byway, Paul V"]
[Black "Burnett, Jim"]
[Result "1/2-1/2"]
[WhiteElo "2122"]
[BlackElo "2128"]
[PlyCount "32"]
[EventDate "2014.05.05"]
[WhiteTeam "Poisoned Pawns"]
[BlackTeam "White Rose 2"]

1. Nf3 d5 2. e3 c6 3. c4 e6 4. d4 Nf6 5. Bd3 Nbd7 6. O-O b6 7. b3 Bb7 8. Bb2
Be7 9. Nc3 O-O 10. Qe2 Qc7 11. Rac1 Rac8 12. Rfe1 Qb8 13. e4 dxe4 14. Nxe4 c5
15. dxc5 bxc5 16. Rcd1 Rcd8 1/2-1/2

[Event "4NCL Division 2d"]
[Site "Hinckley Island ENG"]
[Date "2014.05.05"]
[Round "11.74"]
[White "Weller, Pierre"]
[Black "Goodger, Martyn"]
[Result "1-0"]
[WhiteElo "2113"]
[BlackElo "2110"]
[PlyCount "79"]
[EventDate "2014.05.05"]
[WhiteTeam "White Rose 2"]
[BlackTeam "Poisoned Pawns"]

1. d4 f5 2. Bg5 g6 3. h4 Bg7 4. Nc3 d5 5. e3 Nf6 6. h5 Be6 7. h6 Bf8 8. Nf3 c6
9. Ne5 Nbd7 10. Bd3 Ne4 11. Bxe4 dxe4 12. Bf4 Nxe5 13. Bxe5 Rg8 14. Qe2 Qb6 15.
O-O-O O-O-O 16. f3 exf3 17. gxf3 Qb4 18. a3 Qc4 19. Qh2 b6 20. Bb8 Rd7 21. Rd3
Qa6 22. d5 cxd5 23. Nxd5 Qb7 24. Rc3+ Kd8 25. Nc7 Bf7 26. Rd1 Rxd1+ 27. Kxd1
Qxf3+ 28. Kd2 e5 29. Rd3+ Kc8 30. Qxe5 Qe4 31. Qf6 Qe7 32. Qc6 Qc5 33. Qd7+ Kb7
34. Qxf7 Qa5+ 35. Ke2 Qa4 36. Ne6+ Ka8 37. Qxg8 Qxc2+ 38. Rd2 Qc4+ 39. Kf2 Qh4+
40. Bg3 1-0

[Event "4NCL Division 2d"]
[Site "Hinckley Island ENG"]
[Date "2014.05.05"]
[Round "11.75"]
[White "Redman, David J"]
[Black "Shaw, Peter"]
[Result "0-1"]
[WhiteElo "1819"]
[BlackElo "2173"]
[PlyCount "110"]
[EventDate "2014.05.05"]
[WhiteTeam "Poisoned Pawns"]
[BlackTeam "White Rose 2"]

1. d4 f5 2. c4 Nf6 3. g3 e6 4. Bg2 d5 5. Nf3 c6 6. Nc3 Bd6 7. O-O O-O 8. Ne1
Nbd7 9. f3 dxc4 10. e4 e5 11. Be3 Nb6 12. Qe2 fxe4 13. dxe5 Bxe5 14. Rd1 Qe7
15. Nxe4 Nxe4 16. fxe4 Rxf1+ 17. Bxf1 Be6 18. Nf3 Bd6 19. Nd4 Bd7 20. Qc2 Kh8
21. Re1 Bb4 22. Re2 Bg4 23. Nf5 Qe5 24. Rf2 Bc5 25. Bxc5 Qxc5 26. Qc3 Bxf5 27.
b4 Qe7 28. exf5 Qf6 29. Qxf6 gxf6 30. Rc2 Rd8 31. Kf2 Rd5 32. g4 h5 33. h3 hxg4
34. hxg4 Rd4 35. Be2 Nd5 36. Rxc4 Rxc4 37. Bxc4 Nxb4 38. Ke3 Kg7 39. Kf4 Kh6
40. Be6 Nd5+ 41. Ke4 Kg5 42. Bc8 b6 43. Kf3 Nb4 44. a4 Nd3 45. Bb7 Ne5+ 46. Kg3
c5 47. Bc8 c4 48. Kf2 Kxg4 49. Ke2 Kf4 50. Kd2 Nf7 51. Kc3 Nd6 52. Bd7 Ke5 53.
Be6 Ke4 54. Bxc4 Nxc4 55. Kxc4 a6 0-1

[Event "4NCL Division 2d"]
[Site "Hinckley Island ENG"]
[Date "2014.05.05"]
[Round "11.76"]
[White "Archer, Richard"]
[Black "Rosen, Daniel B"]
[Result "1/2-1/2"]
[WhiteElo "2024"]
[BlackElo "2081"]
[PlyCount "21"]
[EventDate "2014.05.05"]
[WhiteTeam "White Rose 2"]
[BlackTeam "Poisoned Pawns"]

1. e4 g6 2. d4 Bg7 3. Nf3 d6 4. Nc3 Nf6 5. Be2 O-O 6. O-O Bg4 7. Be3 Nc6 8. Qd2
Bxf3 9. Bxf3 e5 10. d5 Ne7 11. Rad1 1/2-1/2

[Event "4NCL Division 2d"]
[Site "Hinckley Island ENG"]
[Date "2014.05.05"]
[Round "11.77"]
[White "Sucikova, Svetlana"]
[Black "Lewyk, Ihor"]
[Result "0-1"]
[WhiteElo "1981"]
[BlackElo "2065"]
[PlyCount "118"]
[EventDate "2014.05.05"]
[WhiteTeam "Poisoned Pawns"]
[BlackTeam "White Rose 2"]

1. Nf3 g6 2. c4 c5 3. g3 Bg7 4. Bg2 Nc6 5. Nc3 e5 6. d3 Nge7 7. O-O d6 8. Ne1
Be6 9. Nc2 h5 10. Ne3 h4 11. Ned5 h3 12. Bh1 O-O 13. Bd2 Rb8 14. Qc1 Nd4 15. e3
Ndc6 16. Qd1 a6 17. a4 Bf5 18. Be4 Nxd5 19. Nxd5 Be6 20. f4 f5 21. Bh1 Ne7 22.
Bc3 b5 23. axb5 Bxd5 24. cxd5 axb5 25. fxe5 b4 26. Be1 Bxe5 27. Qb3 Qb6 28. Bf2
g5 29. Rad1 Rbc8 30. Qc2 Rf7 31. b3 Rcf8 32. d4 cxd4 33. exd4 Bg7 34. Qd3 f4
35. g4 f3 36. Bg3 Nxd5 37. Rxf3 Nc3 38. Rd2 Rxf3 39. Bxf3 Qxd4+ 40. Bf2 Qf4 41.
Bd5+ Nxd5 42. Qxd5+ Kh8 43. Qxd6 Qxg4+ 44. Qg3 Qxg3+ 45. hxg3 Rf3 46. Kh2 g4
47. Bd4 Rxb3 48. Bxg7+ Kxg7 49. Rd4 Rb2+ 50. Kh1 Kf6 51. Rxg4 Ke5 52. Rh4 Kd5
53. Rxh3 Ke4 54. Rh8 Kf3 55. Kg1 b3 56. Rb8 Kxg3 57. Kf1 Kf3 58. Ke1 Ke3 59.
Kd1 Rb1# 0-1

[Event "4NCL Division 2d"]
[Site "Hinckley Island ENG"]
[Date "2014.05.05"]
[Round "11.78"]
[White "Jones, Rupert W"]
[Black "McMahon, Paul"]
[Result "0-1"]
[WhiteElo "1905"]
[BlackElo "1992"]
[PlyCount "46"]
[EventDate "2014.05.05"]
[WhiteTeam "White Rose 2"]
[BlackTeam "Poisoned Pawns"]

1. e4 e5 2. Nf3 Nc6 3. Bb5 a6 4. Ba4 Nf6 5. d4 Nxd4 6. Nxd4 exd4 7. e5 Ne4 8.
Qxd4 Nc5 9. O-O b5 10. Bb3 Ne6 11. Qe4 Rb8 12. Be3 Bb7 13. Qg4 h5 14. Qe2 Qh4
15. f4 Bc5 16. c3 Qg4 17. Rf2 Qxe2 18. Rxe2 Nxf4 19. Bxc5 Nxe2+ 20. Kf2 Nf4 21.
Kg3 Nd3 22. Be3 O-O 23. Nd2 Nxe5 0-1

[Event "4NCL Division 2d"]
[Site "Hinckley Island ENG"]
[Date "2014.05.05"]
[Round "11.81"]
[White "Sathyanandha, Saravanan"]
[Black "Fernandez, Michael H"]
[Result "0-1"]
[WhiteElo "2193"]
[BlackElo "1993"]
[PlyCount "88"]
[EventDate "2014.05.05"]
[WhiteTeam "KJCA Kings"]
[BlackTeam "Bradford DCA Knights A"]

1. e4 c5 2. c3 d5 3. exd5 Qxd5 4. Nf3 Nc6 5. d4 cxd4 6. cxd4 e5 7. Nc3 Bb4 8.
Bd2 Bxc3 9. Bxc3 e4 10. Ne5 Nxe5 11. dxe5 Ne7 12. Qa4+ Bd7 13. Qa3 Qe6 14. Rd1
O-O 15. Rd6 Qf5 16. Bc4 Nc8 17. Rxd7 Qxd7 18. e6 fxe6 19. Qb3 Kh8 20. Bxe6 Qc7
21. O-O Nd6 22. Qd5 Rad8 23. h4 Nf5 24. Qxe4 Ng3 25. fxg3 Qb6+ 26. Kh2 Rxf1 27.
Qe5 Qg1+ 28. Kh3 Rf6 29. Qxf6 Qh1+ 30. Kg4 h5+ 31. Kg5 gxf6+ 32. Bxf6+ Kh7 33.
Bxd8 Qc1+ 34. Kf6 Qxb2+ 35. Kf7 Qg7+ 36. Ke8 Qxg3 37. Bf6 Kg6 38. Bg5 Kg7 39.
Kd7 Qxg2 40. Kd6 Qc6+ 41. Ke5 Qc3+ 42. Kd6 a5 43. Bd7 Qa3+ 44. Kc7 Qxa2 0-1

[Event "4NCL Division 2d"]
[Site "Hinckley Island ENG"]
[Date "2014.05.05"]
[Round "11.82"]
[White "Hackner, Oskar A"]
[Black "Jones, Victor GL"]
[Result "1/2-1/2"]
[WhiteElo "2119"]
[BlackElo "2222"]
[PlyCount "114"]
[EventDate "2014.05.05"]
[WhiteTeam "Bradford DCA Knights A"]
[BlackTeam "KJCA Kings"]

1. d4 Nf6 2. c4 e6 3. Nc3 Bb4 4. f3 c5 5. d5 Nh5 6. g3 d6 7. e4 exd5 8. cxd5
O-O 9. Bd3 f5 10. exf5 Bxf5 11. Nge2 Bxd3 12. Qxd3 Nd7 13. f4 Rc8 14. a3 Ba5
15. O-O c4 16. Qf3 Bb6+ 17. Kg2 Qe8 18. Ne4 Ne5 19. Nxd6 Nxf3 20. Nxe8 Nxh2 21.
Kxh2 Rfxe8 22. Nc3 Nf6 23. Rd1 Ng4+ 24. Kg2 Nf2 25. Rf1 Nd3 26. Rb1 Ba5 27. Bd2
Bxc3 28. Bxc3 Red8 29. f5 Rxd5 30. f6 gxf6 31. Rxf6 Rf8 32. Rbf1 Rxf6 33. Rxf6
Rb5 34. Kh3 Nxb2 35. Rf4 Nd1 36. Rxc4 Nxc3 37. Rxc3 Kg7 38. Rf3 Kg6 39. g4 Kg5
40. Kg3 h6 41. Kh3 b6 42. Kg3 Ra5 43. Kh3 Ra4 44. Rf5+ Kg6 45. Rf3 a6 46. Kg3
b5 47. Kh3 Kg5 48. Rf5+ Kg6 49. Rf3 a5 50. Rb3 b4 51. axb4 Rxb4 52. Rc3 a4 53.
Rc5 Rb1 54. Ra5 Rh1+ 55. Kg3 Rg1+ 56. Kf4 Rf1+ 57. Kg3 Rg1+ 1/2-1/2

[Event "4NCL Division 2d"]
[Site "Hinckley Island ENG"]
[Date "2014.05.05"]
[Round "11.84"]
[White "Lang, Adam R"]
[Black "Jones, William EG"]
[Result "1-0"]
[WhiteElo "2143"]
[BlackElo "2124"]
[PlyCount "99"]
[EventDate "2014.05.05"]
[WhiteTeam "Bradford DCA Knights A"]
[BlackTeam "KJCA Kings"]

1. e4 c5 2. Nf3 d6 3. d4 cxd4 4. Nxd4 Nf6 5. Nc3 a6 6. Bg5 e6 7. f4 h6 8. Bxf6
Qxf6 9. Qd2 Nd7 10. Be2 Qd8 11. O-O-O Be7 12. Kb1 Qc7 13. Rhe1 Nb6 14. f5 O-O
15. fxe6 fxe6 16. Bg4 Nc4 17. Qe2 Rf6 18. Nf3 Rf4 19. Nd4 Rf6 20. Qd3 Ne5 21.
Qh3 Nxg4 22. Qxg4 Bd7 23. Qg3 Rff8 24. Nf3 b5 25. e5 d5 26. Ne2 Rab8 27. Nf4
Rf7 28. Nd4 Qc8 29. Rd3 b4 30. Qg4 Rb6 31. Rg3 Bc5 32. Nh5 Bxd4 33. Qxd4 Rc6
34. Qd3 Kf8 35. Qh7 Ke7 36. Rxg7 Qf8 37. Qxh6 Rxg7 38. Nxg7 Qf2 39. Qg5+ Kf7
40. Rc1 Rc8 41. Nh5 Rg8 42. Qh6 Qf5 43. Qf6+ Qxf6 44. Nxf6 Rxg2 45. Nxd7 Rxh2
46. Nc5 a5 47. a3 Re2 48. Nd3 bxa3 49. b3 Kg6 50. Nf4+ 1-0

[Event "4NCL Division 2d"]
[Site "Hinckley Island ENG"]
[Date "2014.05.05"]
[Round "11.86"]
[White "Jennings, Roger W"]
[Black "Ball, Laurence"]
[Result "1/2-1/2"]
[WhiteElo "2138"]
[BlackElo "2096"]
[PlyCount "50"]
[EventDate "2014.05.05"]
[WhiteTeam "Bradford DCA Knights A"]
[BlackTeam "KJCA Kings"]

1. g3 f5 2. Bg2 Nf6 3. d3 Nc6 4. Nf3 d6 5. O-O e5 6. Nc3 g6 7. Bg5 Bg7 8. Nd5
O-O 9. c3 Be6 10. Nxf6+ Bxf6 11. Bxf6 Qxf6 12. Qa4 Nd8 13. Nd2 c6 14. f4 d5 15.
fxe5 Qxe5 16. e4 dxe4 17. dxe4 Qc5+ 18. Kh1 Nf7 19. exf5 Bxf5 20. Nb3 Qb6 21.
Qc4 Kg7 22. Qc5 Qxc5 23. Nxc5 Nd6 24. Rad1 Rad8 25. h3 h5 1/2-1/2